Client`s guide: the role of the client in the design of buildings; compiled by the National Joint Committee of Architects, Quantity Surveyors and Builders (Record no. 86415)

MARC details
000 -LEADER
fixed length control field 00564cam a2200169 4500
001 - CONTROL NUMBER
control field D7444
008 - FIXED-LENGTH DATA ELEMENTS--GENERAL INFORMATION
fixed length control field 090401t xxu||||| |||| 00| 0 eng d
035 ## - SYSTEM CONTROL NUMBER
System control number (Sirsi) u7427
041 ## - LANGUAGE CODE
Language code of text/sound track or separate title eng
050 ## - LIBRARY OF CONGRESS CALL NUMBER
Classification number 720
110 ## - MAIN ENTRY--CORPORATE NAME
Corporate name or jurisdiction name as entry element National Joint Consultative Committee of ArchitectsQuantit
9 (RLIN) 1001
245 ## - TITLE STATEMENT
Title Client`s guide: the role of the client in the design of buildings; compiled by the National Joint Committee of Architects, Quantity Surveyors and Builders
260 ## - PUBLICATION, DISTRIBUTION, ETC.
Place of publication, distribution, etc. London
Name of publisher, distributor, etc. RIBA Publications Ltd / NJCC
Date of publication, distribution, etc. nd
350 ## - PRICE (NR) (BK AM CF MU VM SE) [OBSOLETE]
Price 0
942 ## - ADDED ENTRY ELEMENTS (KOHA)
Suppress in OPAC 0
948 ## - LOCAL PROCESSING INFORMATION (OCLC); SERIES PART DESIGNATOR (RLIN)
c (OCLC) 04/03/1997
Holdings
Withdrawn status Lost status Source of classification or shelving scheme Damaged status Not for loan Home library Current library Shelving location Date acquired Total Checkouts Full call number Barcode Date last seen Copy number Price effective from Koha item type
    Dewey Decimal Classification     London London Basement 14/09/1999   BASEMENT 30020621 06/08/2019 1 06/08/2019 Book